Srpske odbojkašice - Statistics

General Stats
  • This quiz has been taken 77 times
  • The average score is 14 of 30
Answer Stats
Picture Hint Answer % Correct
1984 Maja Ognjenović
94%
1997 Tijana Bošković
92%
1991 Brankica Mihajlović
79%
1994 Bianka Buša
75%
1990 Stefana Veljković
71%
1990 Milena Rašić
67%
1988 Jovana Brakočević
62%
1992 Jovana Stevanović
60%
1999 Katarina Lazović
60%
1982 Jelena Nikolić
56%
1986 Silvija Popović
54%
1994 Mina Popović
52%
1997 Bojana Milenković
50%
1988 Bojana Drča
46%
1997 Maja Aleksić
46%
1983 Ivana Đerisilo
44%
1992 Ana Bjelica
40%
1985 Brižitka Molnar
38%
2004 Hena Kurtagić
38%
1984 Suzana Ćebić
38%
1979 Vesna Čitaković
38%
1991 Tijana Malešević
33%
1995 Slađana Mirković
31%
1983 Anja Spasojević
29%
1993 Teodora Pušić
29%
1990 Sanja Malagurski
25%
1988 Jelena Blagojević
19%
1987 Jovana Vesović
13%
1987 Ana Antonijević
12%
1984 Jasna Majstorović
4%
No matching quizzes found
Score Distribution
Percent of People with Each Score
Percentile by Number Answered
Your Score History
You have not taken this quiz